00404nam a2200181Ia 4500003000400000005001700004008004100021040000700062041001200069082001500081100002100096245001500117260003100132365000800163650001500171650001500186700002100201OSt20250725143913.0210423s1985 xx 000 0 und d cAL aEnglish a150 bHARS aAmy Bjork Harris aStaying ok aLondonbPan Book Ltdc1985 cINR aPhilosophy aPsychology aHarris, Thomas A